| 000 | 005850000a22001810004500 | ||
|---|---|---|---|
| 003 | MACL | ||
| 005 | 20160427123403.0 | ||
| 008 | 160427b xxu||||| |||| 00| 0 eng d | ||
| 040 |
_aMACL _cMACL |
||
| 041 | _aHindi | ||
| 082 | _a800 SHA | ||
| 100 |
_aशर्मा गाेपाल कृष्ण _954295 |
||
| 245 | _aयशपाल का उपन्यास साहित्य | ||
| 260 |
_bरूचिका प्रिंटर्स _c2009 _aनई दिल्ली |
||
| 350 | _a150 | ||
| 650 |
_aLiterature _954296 |
||
| 942 |
_cHIN _k800/SHA _2ddc |
||
| 999 |
_c41477 _d41477 |
||